Statistics for 東日本の456市

Click here to take the quiz!

General Stats

  • This quiz has been taken 73 times
  • The average score is 388 of 456

Answer Stats

都道府県Answer% Correct
静岡県富士
100%
宮城県仙台
100%
山形県山形
100%
群馬県高崎
97%
千葉県船橋
97%
群馬県前橋
97%
栃木県さくら
97%
神奈川県相模原
97%
北海道 | 福島県伊達
97%
千葉県
97%
栃木県宇都宮
97%
千葉県
97%
埼玉県川越
97%
埼玉県熊谷
97%
秋田県秋田
95%
神奈川県鎌倉
95%
青森県青森
95%
埼玉県さいたま
95%
神奈川県平塚
95%
静岡県静岡
95%
岩手県釜石
95%
青森県八戸
95%
神奈川県藤沢
95%
青森県五所川原
95%
岐阜県高山
95%
静岡県浜松
95%
埼玉県本庄
95%
青森県三沢
95%
神奈川県小田原
95%
岩手県盛岡
95%
栃木県栃木
95%
宮城県気仙沼
95%
岩手県久慈
95%
北海道函館
95%
茨城県鹿嶋
95%
新潟県新潟
95%
北海道小樽
95%
埼玉県秩父
95%
神奈川県横須賀
92%
神奈川県川崎
92%
宮城県石巻
92%
石川県金沢
92%
埼玉県川口
92%
群馬県沼田
92%
岐阜県岐阜
92%
山形県新庄
92%
栃木県小山
92%
栃木県日光
92%
神奈川県逗子
92%
神奈川県三浦
92%
神奈川県厚木
92%
茨城県つくば
92%
富山県富山
92%
茨城県日立
92%
岩手県八幡平
92%
岩手県二戸
92%
青森県弘前
92%
北海道室蘭
92%
東京都八王子
92%
千葉県市原
92%
北海道苫小牧
92%
千葉県佐倉
92%
千葉県成田
92%
千葉県館山
92%
静岡県三島
92%
岩手県陸前高田
92%
静岡県沼津
92%
千葉県銚子
92%
岐阜県飛騨
92%
北海道北斗
92%
千葉県市川
92%
東京都青梅
92%
岩手県宮古
92%
神奈川県横浜
92%
岩手県北上
92%
岩手県大船渡
92%
岩手県花巻
92%
茨城県水戸
92%
青森県むつ
92%
茨城県ひたちなか
89%
千葉県勝浦
89%
千葉県流山
89%
神奈川県海老名
89%
茨城県那珂
89%
埼玉県鴻巣
89%
千葉県大網白里
89%
東京都西東京
89%
埼玉県深谷
89%
新潟県長岡
89%
茨城県北茨城
89%
千葉県浦安
89%
福井県福井
89%
山梨県甲府
89%
茨城県つくばみらい
89%
群馬県富岡
89%
群馬県渋川
89%
千葉県千葉
89%
埼玉県飯能
89%
群馬県伊勢崎
89%
埼玉県富士見
89%
群馬県桐生
89%
東京都多摩
89%
群馬県みどり
89%
千葉県木更津
89%
東京都立川
89%
千葉県松戸
89%
千葉県野田
89%
栃木県那須塩原
89%
千葉県茂原
89%
東京都日野
89%
埼玉県ふじみ野
89%
栃木県足利
89%
千葉県香取
89%
宮城県大崎
89%
福島県郡山
89%
秋田県横手
89%
宮城県名取
89%
宮城県白石
89%
岩手県滝沢
89%
岩手県奥州
89%
岩手県一関
89%
岐阜県山県
89%
秋田県北秋田
89%
山形県鶴岡
89%
宮城県栗原
89%
静岡県熱海
89%
福島県福島
89%
静岡県伊東
89%
福島県会津若松
89%
岐阜県郡上
89%
静岡県御殿場
89%
静岡県下田
89%
福島県白河
89%
愛知県名古屋
89%
北海道旭川
89%
福島県喜多方
89%
千葉県鎌ケ谷
87%
東京都武蔵村山
87%
埼玉県朝霞
87%
静岡県伊豆の国
87%
千葉県我孫子
87%
埼玉県上尾
87%
岐阜県可児
87%
千葉県君津
87%
埼玉県羽生
87%
静岡県御前崎
87%
千葉県四街道
87%
岐阜県各務原
87%
千葉県八街
87%
宮城県岩沼
87%
山梨県富士吉田
87%
東京都福生
87%
東京都国分寺
87%
東京都国立
87%
岐阜県下呂
87%
静岡県掛川
87%
北海道稚内
87%
静岡県焼津
87%
千葉県習志野
87%
静岡県富士宮
87%
北海道千歳
87%
北海道登別
87%
静岡県伊豆
87%
埼玉県久喜
87%
青森県黒石
87%
東京都府中
87%
東京都調布
87%
東京都町田
87%
青森県十和田
87%
青森県つがる
87%
東京都東村山
87%
静岡県藤枝
87%
茨城県土浦
87%
宮城県登米
87%
宮城県東松島
87%
茨城県かすみがうら
87%
栃木県佐野
87%
長野県大町
87%
山形県長井
87%
岐阜県恵那
87%
神奈川県茅ヶ崎
87%
山形県東根
87%
茨城県鉾田
87%
長野県岡谷
87%
長野県上田
87%
茨城県常陸大宮
87%
山形県上山
87%
神奈川県南足柄
87%
神奈川県綾瀬
87%
福島県いわき
87%
長野県松本
87%
茨城県取手
87%
長野県長野
87%
新潟県上越
87%
千葉県南房総
87%
福島県南相馬
87%
栃木県鹿沼
87%
千葉県八千代
87%
栃木県真岡
87%
長野県佐久
87%
秋田県能代
87%
秋田県大館
87%
群馬県安中
87%
群馬県藤岡
87%
群馬県館林
87%
群馬県太田
87%
岐阜県多治見
87%
岐阜県大垣
87%
岐阜県中津川
87%
栃木県大田原
87%
山形県米沢
87%
栃木県那須烏山
87%
山形県酒田
87%
栃木県矢板
87%
東京都武蔵野
84%
東京都小金井
84%
福井県越前
84%
千葉県いすみ
84%
福井県敦賀
84%
愛知県豊田
84%
石川県七尾
84%
岐阜県土岐
84%
愛知県岡崎
84%
山梨県大月
84%
愛知県豊橋
84%
岐阜県瑞浪
84%
山梨県南アルプス
84%
岐阜県瑞穂
84%
岐阜県美濃
84%
静岡県湖西
84%
長野県飯山
84%
東京都狛江
84%
神奈川県座間
84%
神奈川県大和
84%
長野県諏訪
84%
東京都あきる野
84%
東京都羽村
84%
東京都三鷹
84%
北海道札幌
84%
福島県二本松
84%
宮城県角田
84%
埼玉県春日部
84%
埼玉県東松山
84%
埼玉県加須
84%
埼玉県所沢
84%
茨城県神栖
84%
北海道三笠
84%
北海道歌志内
84%
茨城県常陸太田
84%
北海道恵庭
84%
青森県平川
84%
岩手県遠野
84%
宮城県塩竈
84%
茨城県龍ケ崎
84%
埼玉県
84%
宮城県多賀城
84%
茨城県石岡
84%
茨城県古河
84%
秋田県男鹿
84%
千葉県白井
84%
秋田県湯沢
84%
福島県相馬
84%
山形県南陽
84%
秋田県由利本荘
84%
山形県村山
84%
山形県寒河江
84%
秋田県大仙
84%
秋田県仙北
84%
埼玉県越谷
84%
茨城県高萩
84%
埼玉県戸田
84%
北海道夕張
84%
千葉県袖ケ浦
84%
千葉県富津
84%
千葉県鴨川
84%
千葉県東金
84%
埼玉県日高
84%
埼玉県幸手
84%
北海道釧路
84%
北海道北見
84%
埼玉県和光
84%
秋田県にかほ
84%
埼玉県入間
84%
北海道岩見沢
84%
茨城県常総
82%
宮城県富谷
82%
福島県田村
82%
山梨県山梨
82%
山梨県都留
82%
福島県本宮
82%
愛知県新城
82%
岐阜県羽島
82%
福井県鯖江
82%
山梨県北杜
82%
福井県勝山
82%
福井県大野
82%
岐阜県美濃加茂
82%
静岡県牧之原
82%
埼玉県坂戸
82%
北海道網走
82%
石川県白山
82%
愛知県豊川
82%
埼玉県吉川
82%
山梨県甲斐
82%
石川県加賀
82%
埼玉県狭山
82%
長野県千曲
82%
千葉県匝瑳
82%
長野県塩尻
82%
千葉県印西
82%
埼玉県草加
82%
秋田県潟上
82%
長野県駒ヶ根
82%
長野県小諸
82%
山梨県上野原
82%
岐阜県
82%
山形県天童
82%
長野県飯田
82%
秋田県鹿角
82%
福島県須賀川
82%
埼玉県志木
82%
山梨県中央
82%
山梨県甲州
82%
北海道美唄
82%
埼玉県八潮
82%
石川県珠洲
82%
北海道紋別
82%
茨城県小美玉
82%
新潟県糸魚川
82%
新潟県
82%
新潟県村上
82%
静岡県島田
82%
新潟県十日町
82%
静岡県磐田
82%
北海道赤平
82%
長野県安曇野
82%
新潟県三条
82%
茨城県牛久
82%
茨城県潮来
82%
茨城県守谷
82%
静岡県袋井
82%
茨城県坂東
82%
神奈川県伊勢原
82%
静岡県裾野
82%
石川県輪島
82%
北海道根室
82%
富山県黒部
82%
北海道北広島
82%
北海道砂川
82%
新潟県南魚沼
82%
石川県小松
82%
栃木県下野
82%
埼玉県桶川
82%
富山県高岡
82%
愛知県一宮
82%
富山県魚津
82%
北海道石狩
82%
富山県氷見
82%
静岡県菊川
82%
新潟県佐渡
82%
北海道芦別
79%
愛知県田原
79%
愛知県安城
79%
北海道滝川
79%
岐阜県海津
79%
北海道江別
79%
北海道富良野
79%
北海道深川
79%
北海道名寄
79%
愛知県犬山
79%
愛知県東海
79%
北海道留萌
79%
千葉県富里
79%
長野県東御
79%
東京都東大和
79%
新潟県妙高
79%
新潟県柏崎
79%
神奈川県秦野
79%
茨城県行方
79%
埼玉県行田
79%
東京都東久留米
79%
東京都清瀬
79%
埼玉県新座
79%
富山県砺波
79%
埼玉県北本
79%
埼玉県三郷
79%
東京都小平
79%
東京都昭島
79%
埼玉県鶴ヶ島
79%
埼玉県白岡
79%
千葉県山武
79%
新潟県魚沼
79%
東京都稲城
79%
富山県小矢部
79%
長野県伊那
79%
石川県野々市
79%
福井県坂井
79%
富山県南砺
79%
山梨県笛吹
79%
山形県尾花沢
79%
茨城県下妻
79%
福井県あわら
79%
福井県小浜
79%
長野県中野
79%
富山県射水
79%
愛知県知多
76%
愛知県知立
76%
愛知県高浜
76%
愛知県小牧
76%
愛知県北名古屋
76%
愛知県蒲郡
76%
愛知県西尾
76%
愛知県弥富
76%
愛知県半田
76%
愛知県みよし
76%
愛知県あま
76%
北海道帯広
76%
長野県須坂
76%
山梨県韮崎
76%
茨城県結城
76%
茨城県筑西
76%
富山県滑川
76%
新潟県阿賀野
76%
新潟県五泉
76%
岐阜県本巣
76%
新潟県見附
76%
新潟県加茂
76%
新潟県小千谷
76%
北海道士別
76%
長野県茅野
76%
茨城県笠間
76%
新潟県新発田
76%
茨城県稲敷
76%
石川県羽咋
76%
石川県能美
76%
石川県かほく
76%
愛知県長久手
76%
埼玉県蓮田
74%
愛知県稲沢
74%
新潟県胎内
74%
愛知県春日井
74%
愛知県愛西
74%
茨城県桜川
74%
愛知県日進
74%
愛知県常滑
74%
愛知県碧南
74%
愛知県刈谷
74%
愛知県大府
74%
愛知県岩倉
71%
愛知県豊明
71%
愛知県清須
71%
愛知県江南
71%
愛知県津島
71%
愛知県尾張旭
68%
愛知県瀬戸
68%

Score Distribution

Percentile by Number Answered

Percent of People with Each Score

Your Score History

You have not taken this quiz